1158 1119 1008 1612 1422 1791 1914 1729 1686 1099 1549 1101 1281 1611 1241 1753 1783 1883 1921 1131 1964 1945 1714 1341 1240 1431 1772 1913 1154 1112 1501 1796 1736 1075 1171 1999 1129 1011 1616 1243 1794 1646 1207 1618 1081 1758 1595 1868 1230 1988 1150 1537 1929 1123 1901 1401 1042 1260 1605 1612 1608 1269 1922 1535 1079 1554 1507 1509 1639 1980 2000 1233 1427 1292 1371 1718 1272 1183 1124 1346 1239 1434 1992 1182 1576 1169 1543 1618 1897 1001 1813 1247 1707 1279 1148 1034 1526 1133 1411 BCNSPRNW ULIB Ver.6.0+V

เปลี่ยนเป็นภาษาไทย

Change to English
 แสดงรายละเอียดบรรณานุกรม
  กลับหน้าหลัก

Brief Record : Get Marc (ISO 2709) : E-mail record : QR code < ปิดหน้าต่าง
LEADER : 00000nam 2200000uu 4500
001    13399128129
003     ULIB
008    220622s2564||||th 000 0 tha d
020    ^a9786160452514
060 04 ^aWM171.5^bฮ121m
100 0  ^aฮชชี่
245 10 ^aMapping เยียวยาซึมเศร้า กับเรื่องเล่าของมนุษย์เศร้าซึม /^cHossy, เขียน; ภัทรสร คูร์พิพัฒน์, จิตรลดา มีเสมา, แปล
250    ^aพิมพ์ครั้งที่ 1
260    ^aกรุงเทพฯ :^bนานมีบุ๊คส์,^c2564
300    ^a278 หน้า :^bภาพประกอบ ;^c19 ซม.
505 0  ^aบทนำ -- บทส่งท้าย -- คำตาม โดย จิตแพทย์วะดะ ฮิเดะกิ -- บรรณานุกรม-- ลองสร้าง "แผนภาพวิธีรักษาโรคซึมเศร้า" ของคุณเอง!
650  4 ^aความซึมเศร้า
650  4 ^aโรคซึมเศร้า
700 0  ^aภัทรสร คูร์พิพัฒน์, ^eผู้แปล
700 0  ^aจิตรลดา มีเสมา,^eผู้แปล
945    ^p265^l0^i009026
945    ^p265^l0^i009027
945    ^p265^l0^i009028
945    ^p265^l0^i009029
945    ^p265^l0^i009030
945    ^p265^l0^i009031
945    ^p265^l0^i009032
945    ^p265^l0^i009034
945    ^p265^l0^i009035
999    ^aประนอม เกษจรัล
รายการนี้ยังไม่มีแท็ก
คุณยังไม่ได้ล็อกอิน คุณสามารถมีกิจกรรมร่วมกับเว็บไซต์ได้ แต่ต้องล็อกอินก่อน ::
  ล็อกอิน

รายการสื่อสารสนเทศ

ลำดับที่ ประเภท เลขเรียก/บาร์โค้ด สถานที่ สถานะ
1. วิทยาศาสตร์การแพทย์ และสุขภาพ
หนังสือสำรอง
สถานะ=หนังสือสำรอง
WM171.5 ฮ121m ฉ.1 
  Barcode: 009026
ห้องสมุดวิทยาเขตสวรรค์ประชารักษ์
►หนังสือทั่วไป
บนชั้น
2. วิทยาศาสตร์การแพทย์ และสุขภาพ
วิทยาศาสตร์การแพทย์ และสุขภาพ
WM171.5 ฮ121m ฉ.2 
  Barcode: 009027
ห้องสมุดวิทยาเขตสวรรค์ประชารักษ์
►หนังสือทั่วไป
ถูกยืม กำหนดส่งวันที่ 5 พฤษภาคม 2568
  จอง
3. วิทยาศาสตร์การแพทย์ และสุขภาพ
วิทยาศาสตร์การแพทย์ และสุขภาพ
WM171.5 ฮ121m ฉ.3 
  Barcode: 009028
ห้องสมุดวิทยาเขตสวรรค์ประชารักษ์
►หนังสือทั่วไป
บนชั้น
4. วิทยาศาสตร์การแพทย์ และสุขภาพ
วิทยาศาสตร์การแพทย์ และสุขภาพ
WM171.5 ฮ121m ฉ.4 
  Barcode: 009029
ห้องสมุดวิทยาเขตสวรรค์ประชารักษ์
►หนังสือทั่วไป
บนชั้น
5. วิทยาศาสตร์การแพทย์ และสุขภาพ
วิทยาศาสตร์การแพทย์ และสุขภาพ
WM171.5 ฮ121m ฉ.5 
  Barcode: 009030
ห้องสมุดวิทยาเขตสวรรค์ประชารักษ์
►หนังสือทั่วไป
บนชั้น
6. วิทยาศาสตร์การแพทย์ และสุขภาพ
วิทยาศาสตร์การแพทย์ และสุขภาพ
WM171.5 ฮ121m ฉ.6 
  Barcode: 009031
ห้องสมุดวิทยาเขตสวรรค์ประชารักษ์
►หนังสือทั่วไป
บนชั้น
7. วิทยาศาสตร์การแพทย์ และสุขภาพ
วิทยาศาสตร์การแพทย์ และสุขภาพ
WM171.5 ฮ121m ฉ.7 
  Barcode: 009032
ห้องสมุดวิทยาเขตสวรรค์ประชารักษ์
►หนังสือทั่วไป
บนชั้น
8. วิทยาศาสตร์การแพทย์ และสุขภาพ
วิทยาศาสตร์การแพทย์ และสุขภาพ
WM171.5 ฮ121m ฉ.8 
  Barcode: 009034
ห้องสมุดวิทยาเขตสวรรค์ประชารักษ์
►หนังสือทั่วไป
บนชั้น
9. วิทยาศาสตร์การแพทย์ และสุขภาพ
วิทยาศาสตร์การแพทย์ และสุขภาพ
WM171.5 ฮ121m ฉ.9 
  Barcode: 009035
ห้องสมุดวิทยาเขตสวรรค์ประชารักษ์
►หนังสือทั่วไป
บนชั้น

รายการใกล้เคียง
    ผู้แต่ง [ฮชชี่]

    หัวเรื่อง [ความซึมเศร้า]
    หัวเรื่อง [โรคซึมเศร้า]

BibComment


ยังไม่เคยถูกคอมเมนท์

คอมเมนท์ทรัพยากรรายการนี้
  คอมเมนท์: Mapping เยียวยาซ..


 Copyright 2026. Bcnsprnw @Library